[Event "4NCL Division Three East"]
[Site "Warwick, ENG"]
[Date "2023.02.12"]
[Round "6.66"]
[White "Sheerin, Alex"]
[Black "Webster, Peter A N"]
[Result "1/2-1/2"]
[WhiteElo "1946"]
[BlackElo "1937"]
[PlyCount "98"]
[EventDate "2023.02.12"]
[WhiteTeam "Anglian Avengers 1"]
[BlackTeam "Cambridge University 2"]

1. d4 e6 2. Bf4 Nf6 3. e3 c5 4. c3 Nc6 5. Nd2 d5 6. Ngf3 cxd4 7. exd4 Bd6 8.
Bg3 Bxg3 9. hxg3 Qd6 10. Bd3 Bd7 11. Qe2 O-O-O 12. Ne5 Rdf8 13. b4 Qc7 14. O-O
h5 15. a4 Kb8 16. a5 Nxe5 17. dxe5 Ng4 18. Nf3 f6 19. b5 Nxe5 20. b6 Nxf3+ 21.
gxf3 axb6 22. axb6 Qxb6 23. Rfb1 Qc5 24. Ba6 b6 25. c4 h4 26. g4 dxc4 27. Bxc4
h3 28. Bd3 Bc6 29. Be4 Bxe4 30. Qxe4 h2+ 31. Kh1 Qd5 32. Rxb6+ Kc7 33. Qe3 Ra8
34. Rc1+ Kd7 35. Qe2 Ra2 36. Qe3 Rd2 37. Rbb1 Rd4 38. Qc3 Ra8 39. Qc7+ Ke8 40.
Rb8+ Rxb8 41. Qxb8+ Kf7 42. Rc7+ Kg6 43. Qe8+ Kg5 44. Qh5+ Kf4 45. Qxh2+ Kxf3
46. Qg3+ Ke2+ 47. Kh2 Qe5 48. Rxg7 Qxg3+ 49. Kxg3 Rd3+ 1/2-1/2

[Event "4NCL Division Three East"]
[Site "Daventry, ENG"]
[Date "2023.03.25"]
[Round "7.11"]
[White "Lewis, Andrew P"]
[Black "Cooksey, Paul S"]
[Result "1/2-1/2"]
[WhiteElo "2229"]
[BlackElo "2266"]
[PlyCount "99"]
[EventDate "2023.03.25"]
[WhiteTeam "Anglian Avengers 1"]
[BlackTeam "Crowthorne A"]

1. Nf3 d5 2. c4 c6 3. d4 Nf6 4. Nc3 a6 5. e3 Bf5 6. Qb3 Ra7 7. Nh4 Bg6 8. Bd2
e6 9. Nxg6 hxg6 10. Rc1 Nbd7 11. cxd5 cxd5 12. Bd3 Be7 13. Ne2 O-O 14. Bb4 b5
15. O-O Nb6 16. Bc5 Bxc5 17. dxc5 Nc4 18. Qc3 Qb8 19. b3 b4 20. Qc2 Ng4 21. Ng3
Ncxe3 22. fxe3 Nxe3 23. Qe2 Nxf1 24. Nxf1 e5 25. Bxa6 e4 26. Bb5 Ra5 27. Ba4
Qc7 28. Qe3 Rc8 29. c6 Qe7 30. Qb6 Qc7 31. Qxb4 Qa7+ 32. Kh1 d4 33. Qb7 Rc7 34.
Qxa7 Raxa7 35. Rd1 d3 36. Kg1 f5 37. g3 Kf7 38. Kf2 g5 39. Ke3 Re7 40. Rd2 Ra5
41. Rf2 Ke6 42. Nd2 g6 43. Nc4 Ra8 44. Bb5 Rh8 45. Kd4 Rd8+ 46. Kc3 Rh8 47. b4
Kd5 48. Nb6+ Ke5 49. Nc4+ Kd5 50. Nb6+ 1/2-1/2

[Event "4NCL Division Three East"]
[Site "Daventry, ENG"]
[Date "2023.03.25"]
[Round "7.12"]
[White "Webb, Richard M"]
[Black "Walker, Martin G"]
[Result "1/2-1/2"]
[WhiteElo "2188"]
[BlackElo "2195"]
[PlyCount "96"]
[EventDate "2023.03.25"]
[WhiteTeam "Crowthorne A"]
[BlackTeam "Anglian Avengers 1"]

1. Nf3 Nf6 2. g3 c5 3. Bg2 d5 4. O-O Nc6 5. d4 e6 6. c4 cxd4 7. Nxd4 Be7 8. Nc3
O-O 9. cxd5 exd5 10. h3 Qb6 11. e3 Rd8 12. b3 Ne5 13. Bb2 Bd7 14. Qe2 Rac8 15.
Rac1 Ng6 16. Rfd1 Bc5 17. Kh2 Ne7 18. Qd3 a6 19. Qe2 h6 20. Na4 Bxa4 21. bxa4
Qd6 22. Nb3 Ba3 23. Bxf6 Qxf6 24. Rxc8 Rxc8 25. Bxd5 Nxd5 26. Rxd5 Qc6 27. Qd3
Qxa4 28. Rd7 Qc6 29. e4 Bf8 30. Kg2 b5 31. Ra7 Qe6 32. Qd5 Qxd5 33. exd5 Rd8
34. Rxa6 Rxd5 35. Kf3 Rd8 36. Ke4 b4 37. Ra5 Re8+ 38. Kd3 Rd8+ 39. Ke4 Rc8 40.
h4 Rc2 41. f4 Rc3 42. g4 Rg3 43. g5 Rh3 44. gxh6 gxh6 45. h5 Bg7 46. Nd4 Kh7
47. Nf5 Rxh5 48. Ra7 Kg8 1/2-1/2

[Event "4NCL Division Three East"]
[Site "Daventry, ENG"]
[Date "2023.03.25"]
[Round "7.13"]
[White "Talsma, Paul"]
[Black "Thompson, Ian D"]
[Result "1-0"]
[WhiteElo "2160"]
[BlackElo "2083"]
[PlyCount "93"]
[EventDate "2023.03.25"]
[WhiteTeam "Anglian Avengers 1"]
[BlackTeam "Crowthorne A"]

1. d4 d5 2. c4 e6 3. Nc3 Nf6 4. Bg5 Be7 5. e3 Nbd7 6. Rc1 O-O 7. Nf3 c6 8. a3
a6 9. cxd5 Nxd5 10. Bxe7 Qxe7 11. Nxd5 exd5 12. Bd3 Nf6 13. h3 Ne4 14. O-O g6
15. Bxe4 dxe4 16. Nd2 Bd7 17. Rc5 f6 18. Qc2 Rae8 19. b4 Kg7 20. Rc1 Rf7 21.
Qb1 Qe6 22. a4 Rfe7 23. Nc4 Rd8 24. Na3 Be8 25. b5 axb5 26. axb5 Ra8 27. Qb4
Rf7 28. bxc6 Bxc6 29. Nc4 Ra4 30. Qb3 Ra6 31. Qb2 Bd5 32. Qb5 Bc6 33. d5 Bxb5
34. dxe6 Bxc4 35. exf7 Bxf7 36. Rc7 f5 37. Rxb7 g5 38. Rc5 Rf6 39. g4 fxg4 40.
Rxg5+ Kh6 41. Rxg4 Bg6 42. Re7 Bf5 43. Rf4 Kg6 44. Kh2 h6 45. Re5 Rf7 46. Kg3
Rf6 47. Kh4 1-0

[Event "4NCL Division Three East"]
[Site "Daventry, ENG"]
[Date "2023.03.25"]
[Round "7.14"]
[White "Duckers, Harvey L"]
[Black "Peck, Silas"]
[Result "1/2-1/2"]
[WhiteElo "2032"]
[BlackElo "2065"]
[PlyCount "87"]
[EventDate "2023.03.25"]
[WhiteTeam "Crowthorne A"]
[BlackTeam "Anglian Avengers 1"]

1. c4 e5 2. Nc3 Nf6 3. Nf3 Nc6 4. e3 Be7 5. a3 O-O 6. d3 d5 7. cxd5 Nxd5 8. Bd2
Be6 9. Be2 Qd7 10. O-O Rfd8 11. Qc2 a6 12. Rac1 f6 13. Ne4 Nb6 14. Bc3 Rac8 15.
Rfd1 Bd5 16. Ned2 Bf8 17. b4 Qf7 18. Rb1 Re8 19. a4 Ra8 20. a5 Nc8 21. e4 Be6
22. d4 exd4 23. Nxd4 Nxd4 24. Bxd4 Nd6 25. Rdc1 Rac8 26. f3 Red8 27. Be3 Bd7
28. Nb3 Nb5 29. Bxb5 Bxb5 30. Nd4 Qe8 31. Qb3+ Kh8 32. Rc3 Bd6 33. Ne6 Rd7 34.
Nc5 Bxc5 35. Bxc5 Rcd8 36. Be3 Rd3 37. Bf4 c6 38. Rbc1 Rxc3 39. Qxc3 Rd3 40.
Qc5 h6 41. h3 Qd8 42. Be3 Rd1+ 43. Rxd1 Qxd1+ 44. Kh2 1/2-1/2

[Event "4NCL Division Three East"]
[Site "Daventry, ENG"]
[Date "2023.03.25"]
[Round "7.15"]
[White "Samarakoon, Vivash"]
[Black "Purdon, Colin"]
[Result "1/2-1/2"]
[WhiteElo "2046"]
[BlackElo "1976"]
[PlyCount "73"]
[EventDate "2023.03.25"]
[WhiteTeam "Anglian Avengers 1"]
[BlackTeam "Crowthorne A"]

1. e4 c6 2. d4 d5 3. exd5 cxd5 4. c4 Nf6 5. Nc3 Nc6 6. Nf3 g6 7. cxd5 Nxd5 8.
Bc4 Nb6 9. Bb3 Bg7 10. Be3 O-O 11. h3 Na5 12. O-O Nxb3 13. Qxb3 Be6 14. Qc2 Rc8
15. Rfd1 Nd5 16. Qd3 Qd6 17. Ne4 Qb6 18. Nc5 Rfd8 19. Qe2 Nxe3 20. fxe3 Bd5 21.
Na4 Bxf3 22. Qxf3 Qc6 23. Nc3 Qxf3 24. gxf3 e6 25. Rd2 Rd7 26. Rad1 Rcd8 27.
Kf2 Kf8 28. Ke2 Ke7 29. Nb5 Rd5 30. Nc3 Rh5 31. Rh1 g5 32. Rdd1 f5 33. Kf2 f4
34. Ne2 fxe3+ 35. Kxe3 Rh4 36. b3 Bh6 37. Kf2 1/2-1/2

[Event "4NCL Division Three East"]
[Site "Daventry, ENG"]
[Date "2023.03.25"]
[Round "7.16"]
[White "Coates, Kenneth G"]
[Black "Myall, Ivan J"]
[Result "1-0"]
[WhiteElo "1973"]
[BlackElo "1998"]
[PlyCount "83"]
[EventDate "2023.03.25"]
[WhiteTeam "Crowthorne A"]
[BlackTeam "Anglian Avengers 1"]

1. d4 Nf6 2. Bg5 c5 3. Bxf6 gxf6 4. d5 Qb6 5. Qc1 Bg7 6. e3 Na6 7. c4 f5 8. Nc3
Qg6 9. Nge2 Be5 10. g3 d6 11. a3 Bd7 12. Bg2 Nc7 13. O-O h5 14. h4 Bf6 15. Nf4
Qh6 16. Rb1 O-O-O 17. b4 Na6 18. Rd1 Rdg8 19. b5 Nb8 20. Nce2 Rg4 21. Qd2 b6
22. a4 Qf8 23. a5 Qd8 24. Rb3 Kb7 25. Ra3 a6 26. Rb1 axb5 27. cxb5 bxa5 28.
Rxa5 Qb6 29. Qa2 Kc8 30. Ra8 Kc7 31. Ra7+ Kc8 32. Bf3 Rgg8 33. Ra8 Kb7 34. Bxh5
Bxh4 35. Bxf7 Rg7 36. Be6 Rgh7 37. Rxb8+ Kxb8 38. Bxd7 Bf6 39. Bc6 Rh1+ 40. Kg2
Rxb1 41. Qa8+ Kc7 42. Ne6# 1-0

[Event "4NCL Division Three East"]
[Site "Daventry, ENG"]
[Date "2023.03.25"]
[Round "7.21"]
[White "Ciuravin, Andrei"]
[Black "Brown, Alan M"]
[Result "1/2-1/2"]
[WhiteElo "2129"]
[BlackElo "1987"]
[PlyCount "67"]
[EventDate "2023.03.25"]
[WhiteTeam "Hull & East Riding Tigers"]
[BlackTeam "MK Phoenix 1"]

1. d4 d5 2. c4 e6 3. Nc3 Nf6 4. cxd5 exd5 5. Bg5 Be7 6. e3 O-O 7. Bd3 c6 8. Qc2
Nbd7 9. Nge2 Re8 10. O-O Nf8 11. f3 Qa5 12. a3 Ng6 13. b4 Qb6 14. b5 Bd7 15.
bxc6 bxc6 16. Rfb1 Qa5 17. Nc1 Rac8 18. Qd2 Rb8 19. Nb3 Qc7 20. Bxg6 hxg6 21.
Bf4 Bd6 22. Bxd6 Qxd6 23. Nc5 Bf5 24. Rxb8 Qxb8 25. g4 Bc8 26. Rb1 Qc7 27. Nd1
Nd7 28. Nxd7 Bxd7 29. Qb4 Bc8 30. Qc5 Ba6 31. Nc3 Qd7 32. Kf2 Qc7 33. Kg1 Qd7
34. Kf2 1/2-1/2

[Event "4NCL Division Three East"]
[Site "Daventry, ENG"]
[Date "2023.03.25"]
[Round "7.22"]
[White "Freeman, Richard C P"]
[Black "Varley, Joe"]
[Result "1/2-1/2"]
[WhiteElo "2018"]
[BlackElo "2051"]
[PlyCount "86"]
[EventDate "2023.03.25"]
[WhiteTeam "MK Phoenix 1"]
[BlackTeam "Hull & East Riding Tigers"]

1. e4 c5 2. Nc3 Nc6 3. f4 g6 4. Nf3 Bg7 5. Bb5 Nd4 6. Bd3 d6 7. Nxd4 cxd4 8.
Ne2 Nh6 9. c3 dxc3 10. dxc3 O-O 11. Ng3 f5 12. exf5 gxf5 13. O-O Qb6+ 14. Kh1
Be6 15. Qe2 Rf6 16. Be3 Qc6 17. Bb5 Qc7 18. Qd2 Ng4 19. Bg1 Raf8 20. Be2 Rg6
21. Bf3 Kh8 22. Rfe1 Bc8 23. Re2 e5 24. Rae1 e4 25. Bxg4 Rxg4 26. Bd4 b6 27.
Bxg7+ Rxg7 28. Nh5 Rg6 29. Qd4+ Kg8 30. Re3 Qc5 31. Rd1 Kf7 32. Rg3 Qxd4 33.
Rxd4 Rfg8 34. Kg1 a5 35. Kf2 Ke6 36. Rxg6+ Rxg6 37. Ng3 d5 38. Nf1 Rh6 39. Kg3
Bb7 40. Ne3 b5 41. a3 Rg6+ 42. Kf2 Bc6 43. g3 Rh6 1/2-1/2

[Event "4NCL Division Three East"]
[Site "Daventry, ENG"]
[Date "2023.03.25"]
[Round "7.23"]
[White "Vleeshhouwer, Douglas"]
[Black "Lambourne, Dan M"]
[Result "1/2-1/2"]
[WhiteElo "2056"]
[BlackElo "1975"]
[PlyCount "83"]
[EventDate "2023.03.25"]
[WhiteTeam "Hull & East Riding Tigers"]
[BlackTeam "MK Phoenix 1"]

1. b3 d5 2. Bb2 Bf5 3. e3 e6 4. Nf3 Nf6 5. h3 Nbd7 6. d4 Ne4 7. a3 c6 8. Nbd2
Nxd2 9. Qxd2 Bd6 10. Bd3 Qe7 11. c4 Bxd3 12. Qxd3 Nf6 13. O-O Ne4 14. Nd2 f5
15. Nf3 O-O 16. Qe2 Qf6 17. Ne5 Bxe5 18. dxe5 Qg6 19. Rfe1 f4 20. exf4 Rxf4 21.
f3 Ng5 22. Kh2 Raf8 23. Rf1 h5 24. Bc1 R4f5 25. h4 Ne4 26. Qe1 Nc5 27. Qe3 b6
28. cxd5 exd5 29. Bb2 Qe6 30. Bd4 Nd7 31. b4 c5 32. bxc5 bxc5 33. Bxc5 Rxe5 34.
Qd4 Nxc5 35. Qxc5 a6 36. Rac1 Qf6 37. Qd4 Qf4+ 38. Qxf4 Rxf4 39. Kh3 Ra4 40.
Rc5 Rxa3 41. Rd1 Kh7 42. Rdxd5 1/2-1/2

[Event "4NCL Division Three East"]
[Site "Daventry, ENG"]
[Date "2023.03.25"]
[Round "7.24"]
[White "Elwin, Adrian G"]
[Black "Hodge, Steve R"]
[Result "0-1"]
[WhiteElo "1966"]
[BlackElo "2024"]
[PlyCount "36"]
[EventDate "2023.03.25"]
[WhiteTeam "MK Phoenix 1"]
[BlackTeam "Hull & East Riding Tigers"]

1. d4 f5 2. e4 fxe4 3. f3 d5 4. c4 Nc6 5. fxe4 dxe4 6. d5 Ne5 7. Qh5+ Ng6 8.
Bg5 Nf6 9. Qe2 e6 10. Nc3 Bb4 11. O-O-O Bxc3 12. bxc3 O-O 13. h4 exd5 14. Rxd5
Qe7 15. Kb2 Nf4 16. Bxf4 Nxd5 17. Bg5 Qc5 18. Nh3 Bxh3 0-1

[Event "4NCL Division Three East"]
[Site "Daventry, ENG"]
[Date "2023.03.25"]
[Round "7.25"]
[White "Collinson, Mark I"]
[Black "Habershon, Paul F"]
[Result "1-0"]
[WhiteElo "2034"]
[BlackElo "1919"]
[PlyCount "67"]
[EventDate "2023.03.25"]
[WhiteTeam "Hull & East Riding Tigers"]
[BlackTeam "MK Phoenix 1"]

1. d4 Nf6 2. g3 d5 3. Bg2 e6 4. Nf3 Be7 5. O-O O-O 6. c4 c6 7. Nc3 Nbd7 8. Nd2
Qb6 9. c5 Qc7 10. e4 dxe4 11. Ndxe4 Nxe4 12. Nxe4 e5 13. Re1 Nf6 14. dxe5 Nxe4
15. Bxe4 Be6 16. Qc2 g6 17. Bh6 Rfd8 18. h4 Bd5 19. b4 a5 20. h5 Bxe4 21. Qxe4
axb4 22. hxg6 hxg6 23. Qxb4 Rd5 24. e6 Bxc5 25. Qg4 Ra4 26. Bf4 Qe7 27. Re2
Rad4 28. Kg2 Kg7 29. Rh1 Qf6 30. exf7 Qxf7 31. Re5 Rd2 32. Re2 R2d4 33. Qc8 Rh5
34. Be5+ 1-0

[Event "4NCL Division Three East"]
[Site "Daventry, ENG"]
[Date "2023.03.25"]
[Round "7.26"]
[White "Reuben, Stewart"]
[Black "Thompson, Keith"]
[Result "1/2-1/2"]
[WhiteElo "1921"]
[BlackElo "1886"]
[PlyCount "41"]
[EventDate "2023.03.25"]
[WhiteTeam "MK Phoenix 1"]
[BlackTeam "Hull & East Riding Tigers"]

1. c4 e5 2. Nc3 Nf6 3. g3 Nc6 4. Bg2 Bb4 5. e3 Bxc3 6. bxc3 e4 7. d4 exd3 8.
Nf3 O-O 9. Qxd3 Qe7 10. O-O Re8 11. a4 d6 12. Ba3 Bg4 13. Rab1 Bxf3 14. Bxf3
Ne5 15. Qe2 Nxf3+ 16. Qxf3 b6 17. Qc6 Ne4 18. Rbc1 a5 19. Rc2 Rac8 20. f3 Nf6
21. e4 1/2-1/2

[Event "4NCL Division Three East"]
[Site "Daventry, ENG"]
[Date "2023.03.25"]
[Round "7.41"]
[White "Ortiz Sanchez, Luis"]
[Black "Pickard, Charles"]
[Result "1/2-1/2"]
[WhiteElo "2054"]
[BlackElo "2171"]
[PlyCount "50"]
[EventDate "2023.03.25"]
[WhiteTeam "Iceni 1"]
[BlackTeam "Poisoned Pawns"]

1. e4 c5 2. c3 e6 3. Nf3 d5 4. exd5 exd5 5. d4 Nc6 6. Bb5 Bd6 7. dxc5 Bxc5 8.
O-O Nge7 9. Nbd2 O-O 10. Nb3 Bb6 11. Be3 a6 12. Be2 Re8 13. Re1 Bc7 14. Qd2 Bg4
15. Bf4 Bb6 16. Nfd4 Bxe2 17. Rxe2 Ng6 18. Rxe8+ Qxe8 19. Re1 Qd7 20. Be3 Nce5
21. Qc2 Re8 22. Re2 Nc4 23. Bc1 f6 24. Rxe8+ Qxe8 25. Qe2 Qxe2 1/2-1/2

[Event "4NCL Division Three East"]
[Site "Daventry, ENG"]
[Date "2023.03.25"]
[Round "7.42"]
[White "Rosen, Daniel B"]
[Black "Jermy, Jaden"]
[Result "1-0"]
[WhiteElo "2098"]
[BlackElo "2128"]
[PlyCount "103"]
[EventDate "2023.03.25"]
[WhiteTeam "Poisoned Pawns"]
[BlackTeam "Iceni 1"]

1. e4 c5 2. Nc3 e6 3. g3 d5 4. d3 Nf6 5. Bg2 Nc6 6. f4 dxe4 7. dxe4 Qxd1+ 8.
Nxd1 Be7 9. Ne3 O-O 10. Ne2 Rd8 11. Bd2 Nd4 12. e5 Nd7 13. c3 Nxe2 14. Kxe2 f6
15. exf6 gxf6 16. Rad1 Rb8 17. c4 b5 18. Ba5 Nb6 19. Rxd8+ Bxd8 20. cxb5 Bd7
21. Bc6 Bxc6 22. bxc6 Rc8 23. Rd1 Be7 24. Bxb6 axb6 25. Rd7 Kf8 26. Rb7 Rxc6
27. Nc4 Bd8 28. Rxh7 b5 29. Nd2 f5 30. Rb7 b4 31. Nc4 Bf6 32. a4 bxa3 33. bxa3
Ra6 34. h3 Bd4 35. g4 Ra4 36. Kd3 fxg4 37. hxg4 Bg7 38. Rb5 Kf7 39. Ra5 Rxa5
40. Nxa5 Kf6 41. Nc4 Ke7 42. a4 Kd7 43. Ke4 Kc6 44. g5 Bh8 45. Ne5+ Kb6 46. Nf7
Bg7 47. Nd8 c4 48. Nxe6 c3 49. Kd3 Bh8 50. f5 Ka5 51. f6 Kxa4 52. Kxc3 1-0

[Event "4NCL Division Three East"]
[Site "Daventry, ENG"]
[Date "2023.03.25"]
[Round "7.43"]
[White "Dunn, Maxim"]
[Black "Kemp, Paul R"]
[Result "1-0"]
[WhiteElo "2023"]
[BlackElo "2002"]
[PlyCount "91"]
[EventDate "2023.03.25"]
[WhiteTeam "Iceni 1"]
[BlackTeam "Poisoned Pawns"]

1. e4 c6 2. Nf3 d5 3. d3 dxe4 4. dxe4 Qxd1+ 5. Kxd1 Nf6 6. Nbd2 Bg4 7. Be2 Nbd7
8. Ne1 Bxe2+ 9. Kxe2 e6 10. Nd3 Nc5 11. Nxc5 Bxc5 12. f3 Nd7 13. a4 a5 14. Nc4
Nb6 15. Ne5 Bd4 16. Nd3 Nc4 17. Rb1 b5 18. b3 Nb6 19. Be3 O-O-O 20. Ne5 Bxe5
21. Bxb6 Bc7 22. Bf2 Rd7 23. h3 Rhd8 24. Rhd1 Kb7 25. Rxd7 Rxd7 26. Rd1 Rxd1
27. Kxd1 Bb6 28. Be1 bxa4 29. bxa4 Bc7 30. Ke2 Kb6 31. Bf2+ c5 32. Kd3 Kc6 33.
Kc4 Bd6 34. Bh4 f6 35. g4 g5 36. Be1 Bc7 37. e5 fxe5 38. Kd3 Kd5 39. c4+ Kd6
40. h4 h6 41. hxg5 hxg5 42. Bd2 Bd8 43. Ke4 Kc6 44. Kxe5 Kd7 45. Be3 Be7 46.
Bf2 1-0

[Event "4NCL Division Three East"]
[Site "Daventry, ENG"]
[Date "2023.03.25"]
[Round "7.44"]
[White "McMahon, Paul"]
[Black "Calvert, D Ian"]
[Result "0-1"]
[WhiteElo "1974"]
[BlackElo "2002"]
[PlyCount "104"]
[EventDate "2023.03.25"]
[WhiteTeam "Poisoned Pawns"]
[BlackTeam "Iceni 1"]

1. e4 d5 2. Nc3 d4 3. Nce2 e5 4. Ng3 Be6 5. Nf3 f6 6. Bb5+ c6 7. Ba4 Nd7 8. Bb3
Nc5 9. Bxe6 Nxe6 10. d3 Bb4+ 11. Bd2 Bxd2+ 12. Qxd2 Ne7 13. Nf5 Nxf5 14. exf5
Nf4 15. O-O-O Qd7 16. Nh4 O-O-O 17. Kb1 Kb8 18. h3 c5 19. g3 Nd5 20. c4 dxc3
21. bxc3 Rc8 22. Ka1 Rhd8 23. Rb1 Rc6 24. Rb3 Rd6 25. d4 Ne7 26. Rhb1 b6 27. g4
exd4 28. c4 Nc6 29. f4 Re8 30. Ng2 Qe7 31. Re1 Qd8 32. Rd1 Rd7 33. Ne1 Rde7 34.
Nd3 Re2 35. Qc1 Ka8 36. Qa3 Na5 37. Rb5 Nxc4 38. Qa6 Qc8 39. Qa4 Ne3 40. Rc1
Nd5 41. Rb2 Nc3 42. Qc4 Rxb2 43. Nxb2 Qd7 44. a3 Qb7 45. Nd3 a6 46. Kb2 Re2+
47. Kb3 Re3 48. h4 Ne4 49. Kc2 b5 50. Qg8+ Ka7 51. Qxh7 c4 52. Ne1 d3+ 0-1

[Event "4NCL Division Three East"]
[Site "Daventry, ENG"]
[Date "2023.03.25"]
[Round "7.45"]
[White "Gibbs, Dominic V"]
[Black "Judkins, Brian D"]
[Result "1-0"]
[WhiteElo "1949"]
[BlackElo "1777"]
[PlyCount "89"]
[EventDate "2023.03.25"]
[WhiteTeam "Iceni 1"]
[BlackTeam "Poisoned Pawns"]

1. e4 e5 2. Nf3 Nf6 3. d3 Nc6 4. Be2 g6 5. O-O Bg7 6. c3 O-O 7. b4 a6 8. Bb2 d6
9. Nbd2 Qe7 10. Qc2 Ne8 11. a4 f5 12. b5 Nd8 13. d4 fxe4 14. Nxe4 Nf7 15. Ng3
Nf6 16. dxe5 Nxe5 17. Nxe5 Qxe5 18. Rfe1 Qc5 19. Ba3 Qa7 20. Qb3+ Kh8 21. b6
Qxb6 22. Qxb6 cxb6 23. Bxd6 Re8 24. Bf3 Rd8 25. Bc7 Rd3 26. Bxb6 Rxc3 27. Rad1
Bd7 28. Bd4 Rxf3 29. gxf3 Bxa4 30. Rc1 Bc6 31. Re6 Rf8 32. Ne4 Nd5 33. Bxg7+
Kxg7 34. Rexc6 bxc6 35. Rxc6 Ra8 36. Rc5 Nf4 37. Rc7+ Kh6 38. h4 Nd5 39. Rd7
Nb6 40. Rb7 Nd5 41. Ng5 Rh8 42. Nf7+ Kg7 43. Nxh8+ Kxh8 44. Ra7 Nb4 45. Kg2 1-0

[Event "4NCL Division Three East"]
[Site "Daventry, ENG"]
[Date "2023.03.25"]
[Round "7.51"]
[White "Smith, Olivia"]
[Black "Lohia, Sohum"]
[Result "1/2-1/2"]
[WhiteElo "2076"]
[BlackElo "2081"]
[PlyCount "127"]
[EventDate "2023.03.25"]
[WhiteTeam "Rhyfelwyr Essyllwg"]
[BlackTeam "Watford A"]

1. e4 e5 2. Nf3 Nc6 3. Bb5 a6 4. Ba4 Nf6 5. O-O b5 6. Bb3 Bc5 7. c3 d6 8. a4
Rb8 9. d4 Bb6 10. dxe5 Nxe5 11. Nxe5 dxe5 12. Qxd8+ Kxd8 13. Bg5 Ke7 14. Nd2 h6
15. Bh4 g5 16. Bg3 Nd7 17. Rfe1 f6 18. axb5 axb5 19. Nf1 c6 20. Bc2 Nc5 21. Ne3
Be6 22. b4 Nb7 23. f3 Rhd8 24. Bf2 Rd2 25. Nf5+ Bxf5 26. Bxb6 Rxc2 27. exf5 Rd2
28. Rec1 Rd7 29. c4 Nd6 30. Bc5 Ke8 31. cxb5 Nxb5 32. Ra6 Rc8 33. Kf2 Rd2+ 34.
Kg3 Kd7 35. Raa1 h5 36. Rd1 Rxd1 37. Rxd1+ Ke8 38. h4 Rd8 39. Rxd8+ Kxd8 40.
hxg5 fxg5 41. Be3 Nd4 42. Bxg5+ Ke8 43. Kh4 Nxf5+ 44. Kxh5 Kf7 45. Bd2 Ne7 46.
Kg5 Ke6 47. g4 Kf7 48. Kh5 Ke6 49. Kh4 Ng6+ 50. Kg3 Kd5 51. Be3 Ke6 52. Bc5 Nf4
53. Kf2 Kd5 54. Ke3 Ng2+ 55. Kd2 e4 56. fxe4+ Kxe4 57. g5 Nf4 58. Kc3 Nd5+ 59.
Kc4 Kf5 60. b5 cxb5+ 61. Kxd5 Kxg5 62. Be3+ Kf5 63. Kc5 b4 64. Kxb4 1/2-1/2

[Event "4NCL Division Three East"]
[Site "Daventry, ENG"]
[Date "2023.03.25"]
[Round "7.52"]
[White "Nelson, Omowale"]
[Black "Brown, Thomas"]
[Result "0-1"]
[WhiteElo "1974"]
[BlackElo "2116"]
[PlyCount "116"]
[EventDate "2023.03.25"]
[WhiteTeam "Watford A"]
[BlackTeam "Rhyfelwyr Essyllwg"]

1. d4 Nf6 2. c4 c5 3. d5 e6 4. Nc3 exd5 5. cxd5 d6 6. e4 g6 7. h3 Bg7 8. Nf3
O-O 9. Bd3 b5 10. Bxb5 Nxe4 11. O-O Bxc3 12. bxc3 Nxc3 13. Qb3 Nxb5 14. Qxb5
Ba6 15. Qb3 Bxf1 16. Kxf1 Nd7 17. Bg5 f6 18. Bh6 Re8 19. Nh2 Qe7 20. Ng4 Ne5
21. Re1 Qf7 22. Ne3 Rab8 23. Qc3 Qb7 24. f4 Nf7 25. Ng4 Rxe1+ 26. Qxe1 Qb1 27.
Nxf6+ Kh8 28. Bg5 Qxe1+ 29. Kxe1 Rb1+ 30. Ke2 Nxg5 31. fxg5 Rb2+ 32. Ke3 Rxa2
33. Ne4 Ra3+ 34. Kd2 Ra6 35. Kd3 Rb6 36. Nd2 Kg7 37. Nc4 Kf7 38. Kc3 Ke7 39.
Na5 Kd7 40. Kc4 Kc7 41. Kc3 Rb5 42. Nc6 a5 43. Kc4 Rb4+ 44. Kc3 a4 45. Nxb4
cxb4+ 46. Kxb4 Kb6 47. Kxa4 Kc5 48. Kb3 Kxd5 49. Kc3 Ke4 50. h4 d5 51. Kd2 Kf4
52. Kd3 Kg4 53. Kd4 Kxh4 54. Kxd5 Kxg5 55. Ke5 Kg4 56. Kf6 Kg3 57. Kg7 Kxg2 58.
Kxh7 g5 0-1

[Event "4NCL Division Three East"]
[Site "Daventry, ENG"]
[Date "2023.03.25"]
[Round "7.53"]
[White "Hewitt, William"]
[Black "Rubeck, Jonathan"]
[Result "1-0"]
[WhiteElo "1983"]
[BlackElo "1972"]
[PlyCount "81"]
[EventDate "2023.03.25"]
[WhiteTeam "Rhyfelwyr Essyllwg"]
[BlackTeam "Watford A"]

1. Nf3 Nf6 2. g3 g6 3. Bg2 Bg7 4. O-O O-O 5. d3 d6 6. e4 e5 7. Nbd2 Nbd7 8. b3
a5 9. a4 Nc5 10. Bb2 Nfd7 11. d4 Ne6 12. Nc4 f6 13. Re1 b6 14. dxe5 Nxe5 15.
Nfd2 Bb7 16. Ne3 f5 17. exf5 Bxg2 18. Nxg2 Ng5 19. Nf4 Rxf5 20. Re3 Qd7 21. Rb1
Raf8 22. h4 Rxf4 23. gxf4 Nh3+ 24. Rxh3 Qxh3 25. fxe5 Rf4 26. Nf1 Qxh4 27. Ng3
h5 28. exd6 cxd6 29. Qd5+ Rf7 30. Bxg7 Kxg7 31. Qxd6 Qg4 32. Qe5+ Kh7 33. Re1
h4 34. Re4 Qh3 35. Qg5 Qd7 36. Rxh4+ Kg8 37. Qe5 Rg7 38. Ne4 Qd1+ 39. Kg2 Qd8
40. Qe6+ Rf7 41. Rf4 1-0

[Event "4NCL Division Three East"]
[Site "Daventry, ENG"]
[Date "2023.03.25"]
[Round "7.54"]
[White "Taylor, Alistair"]
[Black "Heaven, Pete"]
[Result "1-0"]
[WhiteElo "1871"]
[BlackElo "1965"]
[PlyCount "63"]
[EventDate "2023.03.25"]
[WhiteTeam "Watford A"]
[BlackTeam "Rhyfelwyr Essyllwg"]

1. d4 Nf6 2. c4 e6 3. Nf3 b6 4. Bg5 Bb7 5. e3 Be7 6. Bd3 O-O 7. Nc3 d5 8. Bxf6
Bxf6 9. cxd5 exd5 10. Qc2 g6 11. h4 Nc6 12. a3 Ne7 13. h5 c5 14. dxc5 bxc5 15.
Rd1 Qc7 16. Qc1 Rad8 17. hxg6 fxg6 18. e4 dxe4 19. Nxe4 Bxe4 20. Bxe4 Rxd1+ 21.
Kxd1 Qd7+ 22. Ke1 Qe6 23. Qc2 Nf5 24. Kf1 Nd4 25. Nxd4 Bxd4 26. f3 Qe5 27. Qb3+
c4 28. Qxc4+ Kg7 29. Qc6 Rf7 30. Rxh7+ Kxh7 31. Qxg6+ Kh8 32. Qxf7 1-0

[Event "4NCL Division Three East"]
[Site "Daventry, ENG"]
[Date "2023.03.25"]
[Round "7.55"]
[White "Van Kemenade, Rudy"]
[Black "Lancaster, Roger"]
[Result "1/2-1/2"]
[WhiteElo "1938"]
[BlackElo "1942"]
[PlyCount "101"]
[EventDate "2023.03.25"]
[WhiteTeam "Rhyfelwyr Essyllwg"]
[BlackTeam "Watford A"]

1. e4 e6 2. d3 d5 3. Qe2 dxe4 4. dxe4 e5 5. Nf3 Nc6 6. c3 Bd6 7. Qc2 a6 8. a4
Bg4 9. Nbd2 Qf6 10. Be2 Nge7 11. Nc4 Bxf3 12. Bxf3 Ng6 13. b4 Nh4 14. Qe2 O-O
15. Ne3 Nxf3+ 16. Qxf3 Qxf3 17. gxf3 Ne7 18. Nc4 b5 19. Nxd6 cxd6 20. Bg5 f6
21. Be3 Kf7 22. Ke2 Rfc8 23. Ra3 Rab8 24. Rc1 f5 25. Bg5 fxe4 26. fxe4 Nc6 27.
axb5 axb5 28. Ra6 Ke6 29. Be3 h6 30. Rd1 Ra8 31. Rda1 Rab8 32. Rb6 Rxb6 33.
Bxb6 d5 34. Kd3 d4 35. Bc5 dxc3 36. Kxc3 Nd4 37. Ra7 Kf6 38. Kd3 Nf3 39. h4 Kg6
40. h5+ Kxh5 41. Rxg7 Ra8 42. Ba7 Ng5 43. Re7 Kg4 44. Be3 Ra3+ 45. Ke2 Ra2+ 46.
Kd3 Ra3+ 47. Kc2 Nxe4 48. Rxe5 Nxf2 49. Bxh6 Nd3 50. Rxb5 Nxb4+ 51. Rxb4+
1/2-1/2

[Event "4NCL Division Three East"]
[Site "Daventry, ENG"]
[Date "2023.03.25"]
[Round "7.56"]
[White "Taffel, Jeremy P"]
[Black "Trevelyan, John"]
[Result "0-1"]
[WhiteElo "1762"]
[BlackElo "1874"]
[PlyCount "54"]
[EventDate "2023.03.25"]
[WhiteTeam "Watford A"]
[BlackTeam "Rhyfelwyr Essyllwg"]

1. d4 d6 2. c4 e5 3. d5 f5 4. Nc3 Nf6 5. Qc2 Be7 6. f3 c5 7. e4 fxe4 8. Nxe4
Nxe4 9. fxe4 O-O 10. Nf3 Bg4 11. Be2 Bxf3 12. Bxf3 Bh4+ 13. Kd1 Na6 14. a3 Nc7
15. Be3 b5 16. Be2 Bg5 17. Qd2 Bxe3 18. Qxe3 Rb8 19. cxb5 Nxb5 20. Bxb5 Rxb5
21. b3 Qh4 22. Qd3 Rfb8 23. g3 Qg4+ 24. Qe2 Qxe2+ 25. Kxe2 Rxb3 26. g4 Rb2+ 27.
Kf3 R8b3# 0-1